000 00406nam a2200169Ia 4500
100 _aNatarajan/A.M/ Tamilarasi/A
650 _aProbability
942 _cBK
366 _f20
654 _aprobability
245 _aProbability random processes and queing theory
260 _bNew Age Int (P) Ltd
_aMumbai
_c2005
082 _a658.4034/NAT
_bNAT
300 _a542
546 _aENGLISH
999 _c35624
_d35624